| 000 | 01256nam a2200313 i 4500 | ||
|---|---|---|---|
| 001 | 180908 | ||
| 003 | ES-MaACL | ||
| 005 | 20240605120249.0 | ||
| 008 | 120823s2010 sp cho |||| |dspa d | ||
| 020 | _a978-84-7960-469-1 | ||
| 080 | _a821.134.2-14"19" | ||
| 080 | _a821.134.2 Hernandez, Miguel 1.07 | ||
| 100 | 1 |
_aHernández, Miguel, _d1910-1942 _962844 |
|
| 245 | 1 | 0 |
_aViento del pueblo : _bpoesía en la guerra / _cMiguel Hernández ; edición de José Carlos Rovira y Carmen Alemany Bay. |
| 250 | _a1ª ed. en esta presentación. | ||
| 260 |
_aMadrid : _bEdiciones de la Torre, _c2010. |
||
| 300 |
_a199 p. : _bil., fot. ; _c22 cm. |
||
| 490 | 1 |
_aBiblioteca de nuestro mundo. Antología ; _v24 |
|
| 504 | _aBibliografía: p. 77-80. | ||
| 534 |
_pReprod. de 1ª ed. de: _cEdiciones Socorro Rojo, 1937. |
||
| 600 | 1 | 4 |
_aHernández, Miguel, _d1910-1942- _xCrítica e interpretación _962846 |
| 700 | 0 |
_aRovira, José Carlos, _d1949- _9100129 |
|
| 700 | 1 |
_aAlemany Bay, Carmen. _919731 |
|
| 830 | 1 |
_aBiblioteca de nuestro mundo. Antología ; _v24 _9224659 |
|
| 852 | 4 |
_aES-MaACL _9 187787 _bR.148549 _jA-12190 _dOlim: N-5195 _cDEPO1 |
|
| 942 |
_2udc _cMONOGRAFIA |
||
| 999 |
_c180908 _d180908 |
||